Alle Bahnhöfe/Haltepunkte der Main-Weser-Bahn - Statistiken

Allgemein
  • Dieses Quiz wurde 68 mal gespielt
    27 seit der letzten Aktualisierung
  • Das Durchschnittsergebnis liegt bei 27 aus 51
Antwortstatistiken
Bahnhof/Haltepunkt Landkreis/Stadt % Korrekt
Kassel Hbf Kassel
94%
Kassel-Wilhelmshöhe Kassel
94%
Marburg Marburg-Biedenkopf
94%
Friedberg (Hess) Wetteraukreis
89%
Gießen Landkreis Gießen
89%
Bad Nauheim Wetteraukreis
78%
Butzbach Wetteraukreis
78%
Frankfurt (Main) Hbf Frankfurt am Main
78%
Frankfurt West Frankfurt am Main
78%
Bad Vilbel Wetteraukreis
72%
Cölbe Marburg-Biedenkopf
72%
Lang Göns Landkreis Gießen
72%
Stadtallendorf Marburg-Biedenkopf
72%
Treysa Schwalm-Eder-Kreis
72%
Kirch Göns Wetteraukreis
67%
Kirchhain Marburg-Biedenkopf
67%
Lollar Landkreis Gießen
67%
Wabern Schwalm-Eder-Kreis
67%
Gießen Oswaldsgarten Landkreis Gießen
61%
Marburg Süd Marburg-Biedenkopf
61%
Bad Vilbel Süd Wetteraukreis
56%
Neustadt (Kr Marburg) Marburg-Biedenkopf
56%
Niederweimar Marburg-Biedenkopf
56%
Borken (Hess) Schwalm-Eder-Kreis
50%
Frohnhausen Marburg-Biedenkopf
50%
Anzefahr Marburg-Biedenkopf
44%
Baunatal-Guntershausen Landkreis Kassel
44%
Felsberg-Gensungen Schwalm-Eder-Kreis
44%
Großen Linden Landkreis Gießen
44%
Groß Karben Wetteraukreis
44%
Niederwalgern Marburg-Biedenkopf
44%
Okarben Wetteraukreis
44%
Bürgeln Marburg-Biedenkopf
39%
Edermünde-Grifte Schwalm-Eder-Kreis
39%
Frankfurt-Frankfurter Berg Frankfurt am Main
39%
Ostheim Wetteraukreis
39%
Bruchenbrücken Wetteraukreis
33%
Dortelweil Wetteraukreis
33%
Frankfurt-Eschersheim Frankfurt am Main
33%
Frankfurt-Ginnheim Frankfurt am Main
33%
Friedelhausen Landkreis Gießen
33%
Kassel-Oberzwehren Kassel
33%
Baunatal-Rengershausen Landkreis Kassel
28%
Felsberg-Altenbrunslar Schwalm-Eder-Kreis
28%
Frankfurt-Berkersheim Frankfurt am Main
28%
Nieder Wöllstadt Wetteraukreis
28%
Schwalmstadt-Wiera Schwalm-Eder-Kreis
28%
Schlierbach Schwalm-Eder-Kreis
22%
Zimmersrode Schwalm-Eder-Kreis
22%
Singlis Schwalm-Eder-Kreis
17%
Felsberg-Wolfershausen Schwalm-Eder-Kreis
11%
Keine übereinstimmenden Quizze gefunden
Verteilung der Resultate
Anzahl Personen mit jedem Resultat
Perzentil nach korrekt beantworteten Fragen
Ihre Resultats-Entwicklung
Sie haben dieses Quiz seit der letzten Aktualisierung nicht gespielt